|
|
|
|
| LEADER |
00874nam a2200229 a 4500 |
| 008 |
100413r2001 ii a 001 0 eng d |
| 020 |
|
|
|a 007463674x
|
| 040 |
|
|
|a BD-DhAAL
|c BD-DhAAL
|
| 082 |
0 |
0 |
|a 005.75/85
|2 21
|
| 100 |
1 |
|
|a Abbey, Michael.
|
| 245 |
1 |
0 |
|a Oracle8i :
|b a beginner's guide /
|c by Michael Abbey.
|
| 260 |
|
|
|a New Delhi :
|b Tata McGraw-Hill Publishing Company Ltd.,
|c 2001 [reprinted].
|
| 300 |
|
|
|a xxx, 765 p. :
|b ill. ;
|c 24 cm.
|
| 504 |
|
|
|a Includes index.
|
| 541 |
1 |
|
|e 00012339
|
| 630 |
0 |
0 |
|a Oracle (Computer file).
|
| 650 |
|
0 |
|a Relational databases.
|
| 700 |
1 |
|
|a Abranson, Ian.
|
| 700 |
1 |
|
|a Corey, Michael J.
|
| 852 |
4 |
|
|a Ayesha Abed Library
|j General Shelf
|
| 999 |
|
|
|c 8081
|d 8081
|
| 952 |
|
|
|0 0
|1 0
|2 ddc
|4 0
|6 005_758500000000000_ABB
|7 0
|9 9203
|a BRACUL
|b BRACUL
|c GEN
|d 2010-04-13
|l 0
|o 005.7585 ABB
|p 3010012339
|r 2010-04-13
|t 1
|w 2010-04-13
|y BK
|x Price not available in Register
|